Real estate standards global index (Record no. 110678)

MARC details
000 -LEADER
fixed length control field 01045cad a22002175a 4500
001 - CONTROL NUMBER
control field L149906
008 - FIXED-LENGTH DATA ELEMENTS--GENERAL INFORMATION
fixed length control field 100514s2010 xxu f 000 0 eng d
035 ## - SYSTEM CONTROL NUMBER
System control number (Sirsi) u149906
041 0# - LANGUAGE CODE
Language code of text/sound track or separate title eng
050 04 - LIBRARY OF CONGRESS CALL NUMBER
Classification number 346.4104343 $2 18
110 2# - MAIN ENTRY--CORPORATE NAME
Corporate name or jurisdiction name as entry element Jones Lang LaSalle
9 (RLIN) 3755
245 00 - TITLE STATEMENT
Title Real estate standards global index
Medium [electronic resource]
260 ## - PUBLICATION, DISTRIBUTION, ETC.
Place of publication, distribution, etc. [S.l.]
Name of publisher, distributor, etc. Jones Lang Lasalle
Date of publication, distribution, etc. 2010
520 ## - SUMMARY, ETC.
Summary, etc. Jones Lang LaSalle's Real estate standards global index is an interactive reference tool giving local practices for leased and owned space in countries around the world. You can review and compare 25 critical real estate considerations on a country-by-country basis including units of measurement, rental payments, service charges, operating costs, repairs and insurance.
521 ## - TARGET AUDIENCE NOTE
Target audience note Advanced
590 ## - LOCAL NOTE (RLIN)
Local note NTK KA
651 #4 - SUBJECT ADDED ENTRY--GEOGRAPHIC NAME
Geographic name International
690 ## - LOCAL SUBJECT ADDED ENTRY--TOPICAL TERM (OCLC, RLIN)
Topical term or geographic name as entry element PROPERTY-COMMERCIAL PROPERTY-COMMERCIAL PROPERTY MARKET
856 40 - ELECTRONIC LOCATION AND ACCESS
Uniform Resource Identifier <a href="https://globalstandardsindex.com/">https://globalstandardsindex.com/</a>
Public note View the index free of charge at www.joneslanglasalle.com
942 ## - ADDED ENTRY ELEMENTS (KOHA)
Suppress in OPAC 0
Holdings
Withdrawn status Lost status Source of classification or shelving scheme Damaged status Not for loan Home library Current library Shelving location Date acquired Total Checkouts Full call number Barcode Date last seen Copy number Price effective from Koha item type
    Dewey Decimal Classification     Virtual Virtual Online 14/05/2010   ONLINE PUBLICATION 149906-2001 06/08/2019 1 06/08/2019 Book